Normal view
MARC view
- Criminal behavior, Prediction of
Entry Topical Term
001 - CONTROL NUMBER
- control field: 40925
003 - CONTROL NUMBER IDENTIFIER
- control field: OSt
005 - DATE AND TIME OF LATEST TRANSACTION
- control field: 20160828120952.0
008 - FIXED-LENGTH DATA ELEMENTS
- fixed length control field: 160828|| aca||babn | a|a d
040 ## - CATALOGING SOURCE
- Original cataloging agency: OSt
150 ## - HEADING--TOPICAL TERM
- Topical term or geographic name as entry element: Criminal behavior, Prediction of
450 ## - SEE FROM TRACING--TOPICAL TERM
- Topical term or geographic name entry element: Criminal offender profiling
450 ## - SEE FROM TRACING--TOPICAL TERM
- Topical term or geographic name entry element: Criminal profiling
450 ## - SEE FROM TRACING--TOPICAL TERM
- Topical term or geographic name entry element: Delinquency prediction
450 ## - SEE FROM TRACING--TOPICAL TERM
- Topical term or geographic name entry element: Offender profiling
450 ## - SEE FROM TRACING--TOPICAL TERM
- Topical term or geographic name entry element: Prediction of criminal behavior
450 ## - SEE FROM TRACING--TOPICAL TERM
- Topical term or geographic name entry element: Profiling, Criminal
550 ## - SEE ALSO FROM TRACING--TOPICAL TERM
- Topical term or geographic name entry element: Criminal psychology
550 ## - SEE ALSO FROM TRACING--TOPICAL TERM
- Topical term or geographic name entry element: Prediction (Psychology)
550 ## - SEE ALSO FROM TRACING--TOPICAL TERM
- Topical term or geographic name entry element: Crime forecasting
550 ## - SEE ALSO FROM TRACING--TOPICAL TERM
- Topical term or geographic name entry element: Criminal profilers